|
|
|
|
| LEADER |
01050nam a22003017i 4500 |
| 001 |
001925185 |
| 003 |
CZ BrMZK |
| 005 |
20250211125950.0 |
| 007 |
ta |
| 008 |
250211s1943 xr a er|||||||||||cze d |
| 015 |
|
|
|a cnb000762484
|
| 035 |
|
|
|a (OCoLC)85685348
|
| 040 |
|
|
|a ABA001
|b cze
|c ULG001
|d ABA001
|d BOA001
|e rda
|
| 100 |
1 |
|
|a Dolénková, Karla,
|d 1895-1977
|7 jk01022586
|4 aut
|
| 245 |
1 |
0 |
|a Romance /
|c Karla Dolénková ; kresba a obálka Hermína Melicharová
|
| 250 |
|
|
|a Vydání. 1.
|
| 264 |
|
1 |
|a Třebechovice p. O. :
|b Antonín Dědourek,
|c 1943
|
| 264 |
|
3 |
|a Přerov :
|b Jar. Strojil,
|c 1943
|
| 300 |
|
|
|a 295 stran :
|b ilustrace ;
|c 21 cm
|
| 336 |
|
|
|a text
|b txt
|2 rdacontent
|
| 337 |
|
|
|a bez média
|b n
|2 rdamedia
|
| 338 |
|
|
|a svazek
|b nc
|2 rdacarrier
|
| 500 |
|
|
|a Rodné jm. autorky: Procházková, Karla
|
| 700 |
1 |
|
|a Melicharová, Hermína,
|d 1923-2000
|7 jk01081144
|4 ill
|
| 910 |
|
|
|a BOA001
|b 2-0177.251
|
| 990 |
|
|
|a BK
|
| 991 |
|
|
|b 202502
|
| 996 |
6 |
|
|b 2618786445
|c 2-0177.251
|l MZK
|r Sklad / do 24 hodin
|n 0
|w 001994801
|u 000010
|a 1
|e BOA001
|j MZK50
|s P
|